Coping with change : rural America in transition : a report of the Subcommittee on Intergovernmental Relations of the Committee on Governmental Affairs.

Bibliographic Details
Corporate Authors: ProQuest (Firm), United States. Congress. Senate. Committee on Governmental Affairs. Subcommittee on Intergovernmental Relations
Format: Government Document eBook
Language:English
Published: Washington : U.S. G.P.O., 1987.
Series:U.S. Congressional Research.
Subjects:
Online Access:Connect to the full text of this electronic book

MARC

Tag First Indicator Second Indicator Subfields
LEADER 00000cam a22000001a 4500
001 in00003269021
006 m d f
007 cr bn mmmapmmp
008 101011s1987 dcuab ob f000 0 eng d
005 20260430175238.5
035 |a cis2007815295 
040 |a LexisNexis  |c LexisNexis  |d UtOrBLW 
043 |a n-us--- 
074 |a 1037-B, 1037-C (microfiche) 
086 0 |a Y 4.G 74/9:S.prt.99-214 
099 |a CMP-1986-SGA-0010 
245 0 0 |a Coping with change :  |b rural America in transition : a report of the Subcommittee on Intergovernmental Relations of the Committee on Governmental Affairs. 
264 1 |a Washington :  |b U.S. G.P.O.,  |c 1987. 
300 |a 1 online resource. 
336 |a text  |b txt  |2 rdacontent 
337 |a computer  |b c  |2 rdamedia 
338 |a online resource  |b cr  |2 rdacarrier 
490 1 |a S. prt. ;  |v 99-214 
500 |a Record is based on bibliographic data in LexisNexis U.S. Congressional Research Digital Collection. Reuse except for individual research requires license from LexisNexis. 
504 |a Includes bibliographies. 
500 |a Electronic resource. 
650 0 |a Rural development  |z United States. 
650 0 |a Local government  |z United States. 
651 0 |a United States  |x Rural conditions. 
651 0 |a United States  |x Economic conditions  |y 1981-2001. 
655 7 |a Electronic books.  |2 local 
710 2 |a ProQuest (Firm) 
710 1 |a United States.  |b Congress.  |b Senate.  |b Committee on Governmental Affairs.  |b Subcommittee on Intergovernmental Relations. 
776 0 8 |i Print version:   |t Coping with change  |w gp 87010556  |w (OCoLC)15293868 
776 0 8 |i Microfiche version:   |t Coping with change   |d [Bethesda, Md.] : LexisNexis Academic & Library Solutions,1987.   |o CIS 87 S402-1  |w (LexisNexis)cis08702218 
830 0 |a U.S. Congressional Research. 
856 4 0 |u http://proxy.library.tamu.edu/login?url=https://congressional.proquest.com/congcomp/getdoc?CRDC-ID=CMP-1986-SGA-0010  |z Connect to the full text of this electronic book  |t 0 
998 |a cis08702218 
999 |a MARS 
999 f f |s fffdffc9-a839-3a4a-bc55-25d7de39b83c  |i 64015413-3c3e-366a-a34e-b80f8bfa3be9  |t 0 
952 f f |a Texas A&M University  |b College Station  |c Electronic Resources  |s www_evans  |d Available Online  |t 0  |e CMP-1986-SGA-0010  |h Other scheme 
998 f f |a CMP-1986-SGA-0010  |t 0  |l Available Online